000 00894nam a2200289Ia 4500
003 OSt
005 20221006160137.0
006 a|||||r|||| 00| 0
007 ta
008 221006b |||||||| |||| 00| 0 eng d
020 _a9780930878924
_cW8,000
024 _a44,421
037 _bGift, KCC (Window on Korea)
_cTextual
040 _aEASL
_cEASL
_beng
041 _2eng
_aeng
082 _aO495,3x, P9
100 _aKang Mi-sun
_9672093
245 0 _aFaithful daughter Sim cheong
_b The little frog who never listened
260 _aSeoul
_bHollym
_c2009
300 _a44p.
_ccm.
490 _v KEL
_aHollym Modern korean short stories
500 _aBilingual - Korean and English
650 _a KEL
650 _aBilingual - Korean and English
_9672094
942 _hO495,3x, P9
_cTEXL
_2CC
999 _c1112513
_d1112513